[Event "CAN-ch U20 U1800"]
[Site "Toronto CAN"]
[Date "2018.08.11"]
[Round "7.26"]
[White "Wu, Ingrid"]
[Black "Cao, Bruce"]
[Result "0-1"]
[WhiteElo "1374"]
[BlackElo "1582"]
[PlyCount "88"]
[EventDate "2018.08.08"]
[EventType "swiss"]
[EventRounds "9"]
[EventCountry "CAN"]

1. e4 e5 2. Nf3 Nc6 3. Bc4 Bc5 4. c3 Nf6 5. d4 exd4 6. cxd4 Bb4+ 7. Bd2 Bxd2+
8. Nbxd2 d5 9. exd5 Nxd5 10. O-O O-O 11. Re1 Bg4 12. Qb3 Na5 13. Qa4 Nxc4 14.
Qxc4 c6 15. h3 Be6 16. Qc2 Qc7 17. Nf1 Qf4 18. Ng3 Bxh3 19. Qb3 Bc8 20. Re4 Qc7
21. a3 Be6 22. Qc2 Nf4 23. Ng5 h6 24. Rxe6 hxg5 25. Re3 Rfe8 26. Rae1 Rxe3 27.
fxe3 Nd3 28. Qxd3 Qxg3 29. Kf1 Re8 30. Qb3 b6 31. Qc3 Re4 32. b4 Rf4+ 33. Ke2
Qxg2+ 34. Kd3 Qe4+ 35. Kd2 Rf2+ 36. Kc1 g4 37. Rg1 g3 38. a4 g2 39. Rd1 Rf1 40.
d5 Rxd1+ 41. Kxd1 g1=Q+ 42. Ke2 Qh2+ 43. Kd1 Qb1+ 44. Qc1 Qg1+ 0-1

[Event "CAN-ch U20 U1800"]
[Site "Toronto CAN"]
[Date "2018.08.11"]
[Round "7.27"]
[White "Xiao, Edward"]
[Black "Li, Wing"]
[Result "1/2-1/2"]
[WhiteElo "1488"]
[BlackElo "1569"]
[PlyCount "93"]
[EventDate "2018.08.08"]
[EventType "swiss"]
[EventRounds "9"]
[EventCountry "CAN"]

1. d4 d5 2. Nf3 c6 3. e3 Nf6 4. c4 Bg4 5. Nc3 e6 6. Bd3 dxc4 7. Bxc4 Be7 8. O-O
O-O 9. b3 Nbd7 10. Bb2 Nb6 11. Be2 c5 12. Rc1 Bxf3 13. Bxf3 cxd4 14. Qxd4 Qxd4
15. exd4 Rab8 16. Ne4 Rfd8 17. Rc2 Nbd5 18. a3 Nf4 19. Rd1 b6 20. Rc7 N4d5 21.
Nxf6+ Bxf6 22. Bxd5 Rxd5 23. Rdc1 a5 24. Rc8+ Rxc8 25. Rxc8+ Rd8 26. Rc6 g6 27.
Rxb6 Bxd4 28. Bxd4 Rxd4 29. g3 Rd3 30. a4 Kg7 31. Kg2 Kf6 32. Rb5 Rd5 33. Kf3
Rxb5 34. axb5 Ke5 35. b6 Kd6 36. Kf4 f6 37. h4 Kc6 38. g4 Kxb6 39. g5 f5 40.
Ke5 Kb5 41. Kf6 Kb4 42. Kg7 Kxb3 43. Kxh7 a4 44. h5 a3 45. hxg6 a2 46. g7 a1=Q
47. g8=Q 1/2-1/2

[Event "CAN-ch U20 U1800"]
[Site "Toronto CAN"]
[Date "2018.08.11"]
[Round "7.28"]
[White "Yang, Henry"]
[Black "Han, Kevin"]
[Result "0-1"]
[WhiteElo "1419"]
[BlackElo "1081"]
[PlyCount "52"]
[EventDate "2018.08.08"]
[EventType "swiss"]
[EventRounds "9"]
[EventCountry "CAN"]

1. d4 Nf6 2. c4 g6 3. Nc3 Bg7 4. Nf3 d6 5. e3 O-O 6. Be2 c5 7. O-O cxd4 8. exd4
Nbd7 9. b3 Re8 10. Bb2 e5 11. Nb5 e4 12. Nd2 Qb6 13. a4 d5 14. a5 Qd8 15. Qc2
a6 16. Nc3 Qc7 17. Rfc1 Qf4 18. Nf1 dxc4 19. Bxc4 Ng4 20. h3 e3 21. hxg4 exf2+
22. Kh1 Ne5 23. g3 Qf3+ 24. Kh2 Nxg4+ 25. Kh3 Qh1+ 26. Nh2 Qxh2# 0-1

[Event "CAN-ch U20 U1800"]
[Site "Toronto CAN"]
[Date "2018.08.11"]
[Round "7.29"]
[White "Leblanc, Miguel"]
[Black "Balachandran, Kousihan"]
[Result "0-1"]
[WhiteElo "1290"]
[BlackElo "1479"]
[PlyCount "134"]
[EventDate "2018.08.08"]
[EventType "swiss"]
[EventRounds "9"]
[EventCountry "CAN"]

1. e4 c5 2. Nf3 Nc6 3. Bb5 g6 4. c3 a6 5. Bxc6 bxc6 6. d4 cxd4 7. cxd4 Bg7 8.
O-O Nf6 9. Nc3 O-O 10. e5 Ne8 11. d5 cxd5 12. Nxd5 Nc7 13. Be3 Nxd5 14. Qxd5
Rb8 15. Bd4 Bb7 16. Qb3 Bxf3 17. Qxf3 d6 18. Qe3 Re8 19. Rfd1 Qa5 20. exd6 exd6
21. Qc3 Qxc3 22. Bxc3 Bxc3 23. bxc3 Rb2 24. Rxd6 Rxa2 25. Rdd1 Rc2 26. Rdc1
Rxc1+ 27. Rxc1 a5 28. c4 a4 29. f3 Kf8 30. Ra1 Ra8 31. Kf2 Ke8 32. Ke3 Kd7 33.
Kd3 Kc6 34. Kd4 a3 35. Ra2 f6 36. f4 h5 37. h4 Kd6 38. g3 Kc6 39. Kd3 Kc5 40.
Kc3 Ra7 41. Kb3 Kd4 42. Rd2+ Kc5 43. Ra2 Re7 44. Rxa3 Re3+ 45. Kb2 Rxa3 46.
Kxa3 Kxc4 47. Ka4 Kd4 48. Kb4 Ke4 49. Kc4 Kf3 50. Kd5 Kxg3 51. Ke6 Kxf4 52.
Kxf6 Kg4 53. Kxg6 Kxh4 54. Kh6 Kg4 55. Kg6 h4 56. Kh6 h3 57. Kg6 h2 58. Kh6
h1=Q+ 59. Kg6 Qh5+ 60. Kf6 Kf4 61. Ke6 Qc5 62. Kf6 Qd6+ 63. Kg7 Kf5 64. Kf7
Qd7+ 65. Kg8 Qe7 66. Kh8 Kg6 67. Kg8 Qg7# 0-1

[Event "CAN-ch U20 U1800"]
[Site "Toronto CAN"]
[Date "2018.08.11"]
[Round "7.30"]
[White "Lee, Ethan"]
[Black "Mukherjee, Pranoy"]
[Result "1/2-1/2"]
[WhiteElo "1121"]
[BlackElo "1425"]
[PlyCount "121"]
[EventDate "2018.08.08"]
[EventType "swiss"]
[EventRounds "9"]
[EventCountry "CAN"]

1. e4 e6 2. d4 d5 3. Nc3 Bb4 4. Nge2 dxe4 5. Be3 Nf6 6. g3 b6 7. Bg2 Bb7 8. O-O
O-O 9. a3 Bxc3 10. Nxc3 Nbd7 11. Re1 Re8 12. Qd2 Ng4 13. Nxe4 Nxe3 14. Rxe3 f5
15. Nc3 Bxg2 16. Kxg2 Qg5 17. f4 Qf6 18. Rae1 Rad8 19. d5 Nc5 20. b4 Nb7 21.
Re5 c6 22. Qe3 cxd5 23. Rxe6 Rxe6 24. Qxe6+ Qxe6 25. Rxe6 Kf7 26. Re2 a6 27.
Rd2 Ke6 28. Kf3 a5 29. Na4 Rd6 30. h3 Rc6 31. b5 Rd6 32. Re2+ Kf6 33. Re5 Nc5
34. Nxc5 bxc5 35. g4 fxg4+ 36. hxg4 h6 37. g5+ hxg5 38. Rxg5 d4 39. Rxc5 d3 40.
cxd3 Rxd3+ 41. Ke4 Rb3 42. Rc6+ Kf7 43. b6 Ke8 44. Kd5 Kd8 45. Rd6+ Kc8 46. Kc6
Rc3+ 47. Kb5 Rb3+ 48. Ka6 Rxa3 49. b7+ Kc7 50. Ka7 Rb3 51. Rg6 Rxb7+ 52. Ka6
Kc8 53. Kxa5 Kd8 54. Ka6 Rf7 55. Kb5 Ke8 56. Kc5 Kf8 57. Rg4 Ke7 58. Kd5 Kf6
59. Ke4 Re7+ 60. Kf3 Kf5 61. Rg5+ 1/2-1/2

[Event "CAN-ch U20 U1800"]
[Site "Toronto CAN"]
[Date "2018.08.12"]
[Round "8.12"]
[White "Mao, Fengxi"]
[Black "Yuen, Noah"]
[Result "1/2-1/2"]
[WhiteElo "1522"]
[BlackElo "1675"]
[PlyCount "23"]
[EventDate "2018.08.08"]
[EventType "swiss"]
[EventRounds "9"]
[EventCountry "CAN"]

1. e4 c5 2. Nf3 d6 3. d4 cxd4 4. Nxd4 Nf6 5. Nc3 a6 6. Be2 e6 7. O-O Be7 8. f4
Qc7 9. Be3 O-O 10. Kh1 Nc6 11. Bf3 Bd7 12. Nb3 1/2-1/2

[Event "CAN-ch U20 U1800"]
[Site "Toronto CAN"]
[Date "2018.08.12"]
[Round "8.13"]
[White "Xie, Austin"]
[Black "Ahmed, Syed Ibrahim"]
[Result "0-1"]
[WhiteElo "1590"]
[BlackElo "1608"]
[PlyCount "134"]
[EventDate "2018.08.08"]
[EventType "swiss"]
[EventRounds "9"]
[EventCountry "CAN"]

1. e4 e6 2. d4 d5 3. exd5 exd5 4. Nf3 Nf6 5. Bf4 Bd6 6. Bxd6 Qxd6 7. Bd3 O-O 8.
O-O Bg4 9. Nbd2 Qb4 10. Rb1 Nc6 11. c3 Qd6 12. Re1 Rfe8 13. Qc2 Qf4 14. g3 Qh6
15. Nh4 Qh5 16. Bf5 Be2 17. Bd3 Re6 18. Bxe2 Rxe2 19. Rxe2 Qxe2 20. Nhf3 Ne4
21. Rf1 Re8 22. Qd1 Qa6 23. a3 Qb5 24. Qb3 Qe2 25. Qd1 Nxd2 26. Nxd2 Na5 27.
Qa4 Nc4 28. Nxc4 dxc4 29. Qxa7 Qxb2 30. Qa4 b5 31. Qa5 h6 32. a4 c6 33. axb5
Qxb5 34. Qxb5 cxb5 35. Rb1 Rb8 36. Kg2 f5 37. Kf3 Kf7 38. Kf4 Kf6 39. h4 g5+
40. hxg5+ hxg5+ 41. Kf3 Ke6 42. Re1+ Kf6 43. Rb1 Rb7 44. Rb2 g4+ 45. Ke2 Ke6
46. Ke3 Kd5 47. Kf4 b4 48. Ke3 b3 49. f3 Ra7 50. fxg4 Ra2 51. Rb1 fxg4 52. Kf4
Rc2 53. Kxg4 Rxc3 54. Kf4 Kxd4 55. g4 Rc2 56. Kf3 Rh2 57. g5 Rh8 58. Kf4 Kc3
59. Kf5 Rg8 60. g6 Kc2 61. Rg1 b2 62. Kf6 Rxg6+ 63. Rxg6 b1=Q 64. Rg4 c3 65.
Rg2+ Kb3 66. Rg3 Qf1+ 67. Kg6 Kb2 0-1

[Event "CAN-ch U20 U1800"]
[Site "Toronto CAN"]
[Date "2018.08.12"]
[Round "8.14"]
[White "Xiang, Christopher"]
[Black "Zhu, Matthew"]
[Result "1-0"]
[WhiteElo "1640"]
[BlackElo "1664"]
[PlyCount "85"]
[EventDate "2018.08.08"]
[EventType "swiss"]
[EventRounds "9"]
[EventCountry "CAN"]

1. e4 c5 2. Nf3 d6 3. d4 cxd4 4. Nxd4 Nf6 5. Nc3 a6 6. Bc4 e6 7. O-O Be7 8. Be3
O-O 9. f4 b5 10. Bd3 Bb7 11. e5 dxe5 12. fxe5 Nd5 13. Nxd5 Qxd5 14. Qf3 Nd7 15.
Qh3 g6 16. Nf3 Nxe5 17. Nxe5 Qxe5 18. Rae1 Bc5 19. Bxc5 Qxc5+ 20. Kh1 Rae8 21.
Qh6 Qd4 22. b3 Qg7 23. Qe3 Qc3 24. Qh6 e5 25. Re3 Qc7 26. Rf6 Bc8 27. Re4 Qc3
28. Rh4 Qe1+ 29. Rf1 Qxh4 30. Qxh4 f5 31. a4 Bd7 32. axb5 Bxb5 33. Bxb5 axb5
34. Rd1 Rc8 35. Qf2 Rfd8 36. Qe2 e4 37. Kg1 Rf8 38. Qxb5 Rxc2 39. h3 Rfc8 40.
Rd7 Rc1+ 41. Kh2 R1c7 42. Qd5+ Kh8 43. Qe5+ 1-0

[Event "CAN-ch U20 U1800"]
[Site "Toronto CAN"]
[Date "2018.08.12"]
[Round "8.15"]
[White "Srinivas, Atharva"]
[Black "Yang, Brett"]
[Result "1/2-1/2"]
[WhiteElo "1588"]
[BlackElo "1316"]
[PlyCount "29"]
[EventDate "2018.08.08"]
[EventType "swiss"]
[EventRounds "9"]
[EventCountry "CAN"]

1. e4 e6 2. d4 d5 3. e5 c5 4. c3 Nc6 5. Nf3 cxd4 6. cxd4 f6 7. exf6 Nxf6 8. Be2
Qb6 9. O-O g6 10. b3 Bg7 11. Bb2 O-O 12. Na3 a6 13. Nc2 Bd7 14. Ba3 Rfc8 15.
Bb2 1/2-1/2

[Event "CAN-ch U20 U1800"]
[Site "Toronto CAN"]
[Date "2018.08.12"]
[Round "8.16"]
[White "Hua, Michelle"]
[Black "Zhou, Joey"]
[Result "1/2-1/2"]
[WhiteElo "1569"]
[BlackElo "1692"]
[PlyCount "74"]
[EventDate "2018.08.08"]
[EventType "swiss"]
[EventRounds "9"]
[EventCountry "CAN"]

1. c4 Nf6 2. g3 g6 3. Bg2 Bg7 4. Nc3 c5 5. d3 Nc6 6. e4 d6 7. Nge2 O-O 8. O-O
Nd7 9. Be3 Rb8 10. Qd2 Nde5 11. f4 Ng4 12. Bf2 Nxf2 13. Rxf2 Nd4 14. Raf1 Bg4
15. h3 Bxe2 16. Nxe2 b5 17. b3 a5 18. Rb1 bxc4 19. dxc4 a4 20. Qd1 axb3 21.
axb3 Qa5 22. Rf1 Rb6 23. Nxd4 Bxd4+ 24. Kh1 Rfb8 25. Rf3 Rb4 26. Qc2 Qb6 27.
Bf1 Ra8 28. Be2 Ra3 29. Bd1 Qa7 30. Qd3 Qa5 31. Bc2 Ra1 32. Rff1 Ra2 33. g4 Qd8
34. f5 Kg7 35. fxg6 hxg6 36. Rf3 e5 37. Rbf1 Rb7 1/2-1/2

[Event "CAN-ch U20 U1800"]
[Site "Toronto CAN"]
[Date "2018.08.12"]
[Round "8.17"]
[White "Wang, Eric"]
[Black "Gao, William"]
[Result "1-0"]
[WhiteElo "1677"]
[BlackElo "1529"]
[PlyCount "79"]
[EventDate "2018.08.08"]
[EventType "swiss"]
[EventRounds "9"]
[EventCountry "CAN"]

1. c4 e5 2. Nc3 Nc6 3. Nf3 Nf6 4. d4 exd4 5. Nxd4 Be7 6. g3 d6 7. Bg2 Bd7 8.
O-O O-O 9. b3 Re8 10. Bb2 Qc8 11. Re1 Bh3 12. Nxc6 bxc6 13. Bxc6 Qf5 14. Qd3
Qh5 15. Nd5 Bf5 16. Qf3 Ng4 17. Qg2 Be4 18. Nxe7+ Rxe7 19. Bxe4 Rxe4 20. h3
Nxf2 21. Kxf2 Rae8 22. e3 Qh6 23. Qf3 Qxh3 24. Rh1 Qe6 25. Rae1 Qg6 26. Qh5 Rg4
27. Qxg6 Rxg6 28. Rh5 c5 29. Rd1 Rb8 30. Rhd5 Rb6 31. Rxc5 h6 32. Ra5 a6 33.
Rad5 Re6 34. Ba3 Rf6+ 35. Ke2 Rg6 36. Rxd6 Kh7 37. Rxb6 Rxb6 38. Rd6 Rb7 39.
Rxa6 Rd7 40. c5 1-0

[Event "CAN-ch U20 U1800"]
[Site "Toronto CAN"]
[Date "2018.08.12"]
[Round "8.18"]
[White "Jeyakumar, Bhavatharshan"]
[Black "Han, Jonathan"]
[Result "1/2-1/2"]
[WhiteElo "1532"]
[BlackElo "1629"]
[PlyCount "65"]
[EventDate "2018.08.08"]
[EventType "swiss"]
[EventRounds "9"]
[EventCountry "CAN"]

1. e4 c5 2. Nf3 d6 3. Bb5+ Bd7 4. Bxd7+ Qxd7 5. O-O Nf6 6. Re1 Nc6 7. c3 e5 8.
d4 Be7 9. Na3 O-O 10. Bg5 Rad8 11. Bxf6 Bxf6 12. Nc4 exd4 13. cxd4 Nxd4 14.
Nxd4 Bxd4 15. Qc2 Rfe8 16. Rad1 Qg4 17. h3 Qg6 18. Na5 d5 19. Nxb7 Rb8 20. Nxc5
Rxb2 21. Qa4 Bxf2+ 22. Kh1 Reb8 23. Nd3 Bxe1 24. Nxb2 h6 25. Nd3 Bg3 26. exd5
Qh5 27. Nc5 Rb4 28. Qe8+ Kh7 29. Rf1 Qxd5 30. Nd7 Rb2 31. Nf8+ Kh8 32. Ng6+ Kh7
33. Nf8+ 1/2-1/2

[Event "CAN-ch U20 U1800"]
[Site "Toronto CAN"]
[Date "2018.08.12"]
[Round "8.19"]
[White "Chen, Richard"]
[Black "Liu, Henry"]
[Result "1-0"]
[WhiteElo "1271"]
[BlackElo "1542"]
[PlyCount "173"]
[EventDate "2018.08.08"]
[EventType "swiss"]
[EventRounds "9"]
[EventCountry "CAN"]

1. Nf3 Nf6 2. g3 g6 3. Bg2 Bg7 4. O-O O-O 5. d4 d5 6. Bf4 Nc6 7. Nc3 a6 8. Qd2
Bf5 9. a3 Rc8 10. Rac1 b5 11. Bh6 Rb8 12. Bxg7 Kxg7 13. Ne5 Nxe5 14. dxe5 Ne4
15. Nxe4 dxe4 16. Qc3 Qc8 17. Rfd1 Rd8 18. Rd2 Rxd2 19. Qxd2 Qe6 20. Qf4 Rd8
21. Bxe4 Bxe4 22. Qxe4 Rd5 23. f4 Qb6+ 24. Kg2 Rd4 25. Qf3 Rd2 26. Kf1 Qc5 27.
Qc3 Qd5 28. Ke1 Qd4 29. Qxd4 Rxd4 30. Rd1 Rc4 31. c3 c5 32. Kd2 Ra4 33. Kc2 Re4
34. Kd3 Ra4 35. Kc2 Re4 36. Rd2 h5 37. Kd3 Ra4 38. Ke3 e6 39. Kf3 Rc4 40. Rd6
a5 41. Rb6 b4 42. axb4 axb4 43. cxb4 cxb4 44. Ke3 h4 45. Kd3 hxg3 46. hxg3 Rc1
47. Ke3 Rc4 48. Kf3 g5 49. e3 Kg6 50. b3 Rc3 51. Rxb4 g4+ 52. Kxg4 Rxe3 53. Rb6
Re1 54. f5+ Kg7 55. fxe6 Rxe5 56. Kf4 Re1 57. exf7 Kxf7 58. g4 Rd1 59. Kf5 Rd5+
60. Ke4 Rg5 61. Kf4 Rd5 62. g5 Rd1 63. g6+ Kg7 64. b4 Rf1+ 65. Ke5 Re1+ 66. Kd5
Rd1+ 67. Kc5 Rc1+ 68. Kb5 Rg1 69. Ka6 Ra1+ 70. Kb7 Rb1 71. b5 Rb2 72. Kb8 Rb1
73. Rb7+ Kxg6 74. Ka7 Kf6 75. Kb6 Ke6 76. Rc7 Kd6 77. Rc2 Kd7 78. Ka7 Ra1+ 79.
Kb7 Rb1 80. Rd2+ Ke6 81. b6 Ke7 82. Ka7 Ra1+ 83. Kb8 Rb1 84. b7 Rb3 85. Rd4 Ke6
86. Ka7 Ke5 87. Ra4 1-0

[Event "CAN-ch U20 U1800"]
[Site "Toronto CAN"]
[Date "2018.08.12"]
[Round "8.20"]
[White "Zhao, Jonathan"]
[Black "Ramesh, Sanjay"]
[Result "1-0"]
[WhiteElo "1742"]
[BlackElo "1578"]
[PlyCount "51"]
[EventDate "2018.08.08"]
[EventType "swiss"]
[EventRounds "9"]
[EventCountry "CAN"]

1. d4 Nf6 2. Nf3 d5 3. Bf4 e6 4. e3 c5 5. c3 Nc6 6. Bd3 cxd4 7. cxd4 Bd6 8. Bg3
O-O 9. Nbd2 Re8 10. Ne5 Qc7 11. Ndf3 Nd7 12. Bxh7+ Kxh7 13. Ng5+ Kg8 14. Nexf7
Bxg3 15. Qh5 Bxf2+ 16. Kf1 Kf8 17. Nh8 Ke7 18. Ng6+ Kf6 19. Nh7+ Kf7 20. Ng5+
Kf6 21. Kxf2 Nf8 22. Rhf1 Nxg6 23. Ke2+ Ke7 24. Rf7+ Kd8 25. Rxc7 Kxc7 26. Qxg6
1-0

[Event "CAN-ch U20 U1800"]
[Site "Toronto CAN"]
[Date "2018.08.12"]
[Round "8.21"]
[White "Cao, Bruce"]
[Black "Ran, Charles"]
[Result "1/2-1/2"]
[WhiteElo "1582"]
[BlackElo "1679"]
[PlyCount "32"]
[EventDate "2018.08.08"]
[EventType "swiss"]
[EventRounds "9"]
[EventCountry "CAN"]

1. e4 Nc6 2. Nf3 e5 3. Bc4 Nf6 4. d3 Bc5 5. Bg5 h6 6. Bh4 d6 7. h3 a6 8. Nc3
Be6 9. Nd5 g5 10. Nxg5 Bxd5 11. exd5 hxg5 12. Bxg5 Rg8 13. h4 Nb8 14. Qf3 Nbd7
15. O-O-O Ke7 16. d4 Bxd4 1/2-1/2

[Event "CAN-ch U20 U1800"]
[Site "Toronto CAN"]
[Date "2018.08.12"]
[Round "8.22"]
[White "Han, Kevin"]
[Black "Shi, Michael"]
[Result "1/2-1/2"]
[WhiteElo "1081"]
[BlackElo "1486"]
[PlyCount "62"]
[EventDate "2018.08.08"]
[EventType "swiss"]
[EventRounds "9"]
[EventCountry "CAN"]

1. e4 e5 2. f4 d6 3. Nf3 Nc6 4. Bc4 Be7 5. O-O Nf6 6. f5 Nxe4 7. Bd5 Nf6 8.
Bxc6+ bxc6 9. Nc3 Bxf5 10. Nxe5 dxe5 11. Rxf5 Qd4+ 12. Kh1 Ng4 13. Qe1 Bc5 14.
h3 Nf2+ 15. Kh2 f6 16. Qe3 Qd6 17. Qg3 e4 18. Rxc5 Qxc5 19. d4 Qxd4 20. Be3 Qe5
21. Bf4 Qe7 22. Qxf2 O-O 23. Re1 f5 24. Qd4 Rfd8 25. Qc4+ Qf7 26. Qxc6 Rac8 27.
Bg5 Rd6 28. Qb7 Qe6 29. Qxa7 Qe5+ 30. g3 Rb6 31. Rd1 Rxb2 1/2-1/2

[Event "CAN-ch U20 U1800"]
[Site "Toronto CAN"]
[Date "2018.08.12"]
[Round "8.23"]
[White "Qin, Vincent"]
[Black "Xiao, Edward"]
[Result "1/2-1/2"]
[WhiteElo "1644"]
[BlackElo "1488"]
[PlyCount "108"]
[EventDate "2018.08.08"]
[EventType "swiss"]
[EventRounds "9"]
[EventCountry "CAN"]

1. e4 c5 2. c3 Nf6 3. Qc2 Nc6 4. Nf3 e5 5. Bc4 Be7 6. d3 d6 7. Be3 d5 8. Bb5
Qc7 9. O-O O-O 10. Nbd2 d4 11. cxd4 cxd4 12. Bg5 Be6 13. Rfc1 Rac8 14. Nc4 Nb4
15. Qd2 a6 16. Ncxe5 Qd6 17. Bc4 b5 18. Bxe6 Qxe6 19. a3 Bd6 20. Bf4 Bxe5 21.
Bxe5 Nc6 22. Bxd4 Nxd4 23. Nxd4 Qd7 24. Qe3 Ng4 25. Qg3 Qxd4 26. Qxg4 Rxc1+ 27.
Rxc1 Qxb2 28. Qd1 Qxa3 29. d4 Rd8 30. e5 Qb2 31. h3 g6 32. Ra1 Qxd4 33. Qxd4
Rxd4 34. Rxa6 Re4 35. Ra3 Rxe5 36. Rb3 Kg7 37. f4 Rf5 38. g4 Rd5 39. Kf2 f5 40.
Ke3 Kf6 41. Ra3 Ke6 42. Ra6+ Rd6 43. Ra7 Rd7 44. Ra6+ Kd5 45. gxf5 gxf5 46. Rf6
Kc4 47. Rc6+ Kb3 48. Rc5 b4 49. Rxf5 Kb2 50. Rb5 b3 51. f5 Kc2 52. f6 b2 53.
Rc5+ Kd1 54. Rb5 Kc2 1/2-1/2

[Event "CAN-ch U20 U1800"]
[Site "Toronto CAN"]
[Date "2018.08.12"]
[Round "8.24"]
[White "Balachandran, Kousihan"]
[Black "Li, Wing"]
[Result "0-1"]
[WhiteElo "1479"]
[BlackElo "1569"]
[PlyCount "72"]
[EventDate "2018.08.08"]
[EventType "swiss"]
[EventRounds "9"]
[EventCountry "CAN"]

1. e4 c6 2. d4 d5 3. exd5 cxd5 4. Nf3 Nf6 5. Be2 Nc6 6. O-O Bf5 7. a3 e6 8. Bf4
Be7 9. Re1 O-O 10. Nbd2 Rc8 11. Nf1 Bg4 12. Ne3 Bxf3 13. Bxf3 Qb6 14. Be5 Qxb2
15. Rb1 Qxa3 16. Rxb7 Qa6 17. Rb1 Nxe5 18. dxe5 Nd7 19. Bg4 Rc5 20. Ra1 Qb6 21.
c4 Nxe5 22. cxd5 Nxg4 23. Nxg4 Rxd5 24. Qa4 Bc5 25. Rab1 Qc7 26. Rbc1 Qe7 27.
Qb3 h6 28. Qg3 Kh8 29. Qh3 Qg5 30. Rf1 Bb6 31. Kh1 Rfd8 32. f4 Qg6 33. Ne5 Qf6
34. Qh5 Kg8 35. Qg4 Bd4 36. Rce1 Bc3 0-1

[Event "CAN-ch U20 U1800"]
[Site "Toronto CAN"]
[Date "2018.08.12"]
[Round "8.25"]
[White "Chakkoli, Anirud"]
[Black "Gao, Lucy"]
[Result "1-0"]
[WhiteElo "1416"]
[BlackElo "1509"]
[PlyCount "117"]
[EventDate "2018.08.08"]
[EventType "swiss"]
[EventRounds "9"]
[EventCountry "CAN"]

1. e4 e5 2. Nf3 Nc6 3. Bb5 a6 4. Ba4 Nf6 5. O-O b5 6. Bb3 Be7 7. c3 O-O 8. d4
d6 9. Re1 Bg4 10. h3 Bxf3 11. gxf3 Qd7 12. Kh2 Na5 13. Bc2 Rad8 14. f4 exd4 15.
cxd4 c5 16. d5 Rfe8 17. Nd2 Bf8 18. Nf1 Re7 19. Ng3 g6 20. b3 Bg7 21. Rb1 Rde8
22. Bb2 Qa7 23. f3 c4 24. Bd4 Qa8 25. Rg1 Kh8 26. Nf5 Rd7 27. Nxg7 Kxg7 28. e5
dxe5 29. fxe5 Qxd5 30. exf6+ Kg8 31. Bc3 Qe6 32. Qe1 Qd6+ 33. Qg3 Re2+ 34. Rg2
Rxg2+ 35. Kxg2 Qxg3+ 36. Kxg3 cxb3 37. axb3 Nb7 38. Re1 h5 39. Bb4 Rd8 40. Re7
Nd6 41. Bxd6 Rxd6 42. Be4 Rxf6 43. b4 Rd6 44. Bb7 Rd4 45. Re4 Rd6 46. Kf4 Kg7
47. Ke3 Kf6 48. Rd4 Rb6 49. Bc8 Rc6 50. Bb7 Rb6 51. Rf4+ Ke6 52. Bc8+ Ke7 53.
Kd4 Rc6 54. Bb7 Rb6 55. Bd5 f6 56. Kc5 Rd6 57. Re4+ Kd7 58. Bb7 g5 59. Bc8+ 1-0

[Event "CAN-ch U20 U1800"]
[Site "Toronto CAN"]
[Date "2018.08.12"]
[Round "8.27"]
[White "Locham, Divjot"]
[Black "Wu, Ingrid"]
[Result "1-0"]
[WhiteElo "1373"]
[BlackElo "1374"]
[PlyCount "105"]
[EventDate "2018.08.08"]
[EventType "swiss"]
[EventRounds "9"]
[EventCountry "CAN"]

1. e4 c5 2. Nf3 d6 3. Bb5+ Bd7 4. Bxd7+ Nxd7 5. O-O Ngf6 6. Re1 Qc7 7. c3 g6 8.
d4 Bg7 9. h3 O-O 10. e5 Ne8 11. e6 Ndf6 12. Ng5 Rc8 13. exf7+ Rxf7 14. Nxf7
Kxf7 15. Qe2 cxd4 16. Qe6+ Kf8 17. cxd4 Ng8 18. Be3 Qc4 19. Qxc4 Rxc4 20. Nd2
Rc2 21. b3 Bxd4 22. Bxd4 Rxd2 23. Bxa7 e5 24. Be3 Rd5 25. Red1 Ra5 26. Bd2 Ra8
27. Bb4 Rd8 28. Rd3 Kf7 29. Rad1 Ke6 30. Re1 Ngf6 31. Red1 Rd7 32. Bc3 Nc7 33.
a4 Ncd5 34. b4 e4 35. Re1 Kf5 36. g4+ Kf4 37. Bd2+ Ke5 38. f3 Rc7 39. g5 Nf4
40. Bxf4+ Kxf4 41. Rxd6 Kxg5 42. fxe4 Re7 43. h4+ Kxh4 44. Rxf6 Kg5 45. e5 h5
46. Kh2 Rc7 47. Rg1+ Kh6 48. Rgxg6+ Kh7 49. Rh6+ Kg7 50. Rfg6+ Kf8 51. Rh8+ Kf7
52. Rh7+ Kxg6 53. Rxc7 1-0

[Event "CAN-ch U20 U1800"]
[Site "Toronto CAN"]
[Date "2018.08.12"]
[Round "8.28"]
[White "Mugunthan, Vaamanan"]
[Black "Lee, Ethan"]
[Result "1-0"]
[WhiteElo "1455"]
[BlackElo "1121"]
[PlyCount "77"]
[EventDate "2018.08.08"]
[EventType "swiss"]
[EventRounds "9"]
[EventCountry "CAN"]

1. e4 e5 2. Nf3 Nc6 3. Bb5 Bc5 4. d3 Nf6 5. O-O O-O 6. Bxc6 dxc6 7. Nxe5 Re8 8.
Nf3 Bg4 9. h3 Bh5 10. Be3 Bxe3 11. fxe3 Qd7 12. Nbd2 Rad8 13. Qe1 h6 14. Qg3
Bg6 15. Ne5 Qd6 16. Ndc4 Nh5 17. Nxd6 Nxg3 18. Nxe8 Nxf1 19. Rxf1 Rxe8 20. Nxg6
fxg6 21. Rf2 c5 22. b3 b5 23. Kf1 Re6 24. c4 c6 25. Ke2 a6 26. Kd2 b4 27. Rf4
Rf6 28. Rxf6 gxf6 29. d4 Kf7 30. d5 Ke7 31. Ke2 Kd6 32. Kf3 f5 33. Kf4 cxd5 34.
exd5 a5 35. e4 fxe4 36. Kxe4 h5 37. g3 h4 38. g4 g5 39. Kf5 1-0

[Event "CAN-ch U20 U1800"]
[Site "Toronto CAN"]
[Date "2018.08.12"]
[Round "8.29"]
[White "Mukherjee, Pranoy"]
[Black "Yang, Henry"]
[Result "0-1"]
[WhiteElo "1425"]
[BlackElo "1419"]
[PlyCount "120"]
[EventDate "2018.08.08"]
[EventType "swiss"]
[EventRounds "9"]
[EventCountry "CAN"]

1. d4 d5 2. c4 e6 3. Nc3 Nf6 4. cxd5 exd5 5. Bg5 Be7 6. e3 O-O 7. Bd3 c6 8.
Nge2 Be6 9. Qc2 h6 10. Bf4 Nbd7 11. O-O Rc8 12. f3 c5 13. Rac1 a6 14. Kh1 b5
15. a3 b4 16. axb4 cxb4 17. Bxa6 Ra8 18. Bb7 Ra7 19. Nxd5 Rxb7 20. Nxe7+ Qxe7
21. Qc6 Rb6 22. Qa4 Nd5 23. e4 Nxf4 24. Nxf4 Nf6 25. d5 Bd7 26. Rc7 Qe5 27.
Rxd7 Nxd7 28. Qxd7 Qxf4 29. Rd1 Qd6 30. Qxd6 Rxd6 31. e5 Rd7 32. f4 Rfd8 33. d6
f6 34. Kg1 Kf7 35. Kf2 fxe5 36. fxe5 Ke6 37. Re1 Rc8 38. Kf3 Rc2 39. Ke4 Rxb2
40. Kd4 Rc2 41. Rb1 Rb7 42. Rb3 Ra2 43. Kc5 Ra3 44. Rxb4 Rxb4 45. Kxb4 Re3 46.
Kc5 Rxe5+ 47. Kc6 Rd5 48. d7 Rxd7 49. g4 Rd4 50. h3 Rc4+ 51. Kb5 Kd5 52. Kb6
Rc5 53. Kb7 Rc6 54. Kb8 Kd6 55. h4 Kd7 56. g5 Rb6+ 57. Ka7 Kc7 58. gxh6 gxh6
59. h5 Rc6 60. Ka8 Ra6# 0-1

[Event "CAN-ch U20 U1800"]
[Site "Toronto CAN"]
[Date "2018.08.12"]
[Round "8.30"]
[White "Leblanc, Miguel"]
[Black "Stroganov, Victor"]
[Result "1-0"]
[WhiteElo "1290"]
[BlackElo "1445"]
[PlyCount "53"]
[EventDate "2018.08.08"]
[EventType "swiss"]
[EventRounds "9"]
[EventCountry "CAN"]

1. e4 e5 2. Nf3 Nc6 3. Bc4 Bc5 4. c3 Nf6 5. d4 exd4 6. cxd4 Bb4+ 7. Nc3 Bxc3+
8. bxc3 Nxe4 9. O-O O-O 10. Re1 d5 11. Qc2 Nxf2 12. Qxf2 dxc4 13. Qe2 Be6 14.
Ng5 Bd5 15. Bf4 Qf6 16. Qg4 h6 17. Nf3 Qg6 18. Qh3 Rac8 19. Rab1 b6 20. Nh4 Qf6
21. Rf1 Qe6 22. Qg3 g5 23. Rbe1 Be4 24. Bxg5 hxg5 25. Qxg5+ Kh7 26. Rf6 Rg8 27.
Qh6# 1-0

[Event "CAN-ch U20 U1800"]
[Site "Toronto CAN"]
[Date "2018.08.12"]
[Round "9.12"]
[White "Mao, Fengxi"]
[Black "Xiang, Christopher"]
[Result "0-1"]
[WhiteElo "1522"]
[BlackElo "1640"]
[PlyCount "66"]
[EventDate "2018.08.08"]
[EventType "swiss"]
[EventRounds "9"]
[EventCountry "CAN"]

1. e4 c5 2. Nf3 d6 3. d4 cxd4 4. Nxd4 Nf6 5. Nc3 g6 6. Be2 Bg7 7. O-O O-O 8.
Re1 Nc6 9. Nb3 Bd7 10. Bf1 Rc8 11. Bg5 Na5 12. Nxa5 Qxa5 13. e5 Ng4 14. Bxe7
Rfe8 15. exd6 Qb6 16. Ne4 f5 17. Qd5+ Kh8 18. Ng5 Qxf2+ 19. Kh1 Bd4 20. Bf6+
Nxf6 21. Nh3 Nxd5 22. Nxf2 Bxf2 23. Red1 Nf6 24. c4 Ne4 25. Bd3 Bc5 26. Bxe4
Rxe4 27. Rac1 Rc6 28. b4 Bxb4 29. Rb1 Rxd6 30. Rdc1 Rde6 31. h3 Re1+ 32. Kh2
Bd6+ 33. g3 R6e2# 0-1